| 000 | 00568nam a2200205Ia 4500 | ||
|---|---|---|---|
| 003 | OSt | ||
| 005 | 20220926045901.0 | ||
| 006 | a|||||r|||| 00| 0 | ||
| 007 | ta | ||
| 008 | 220923b |||||||| |||| 00| 0 eng d | ||
| 037 | _cGeneral Book | ||
| 040 |
_aRTL _cRTL _beng |
||
| 041 |
_2eng _aeng |
||
| 082 | _aU481, N9/TD | ||
| 245 | 0 | _aBest Practices For Sustainable Human Settlements Development | |
| 300 |
_a112p. _ccm. |
||
| 500 | _aBibliography: P: 693-732; Appendices: P 657-692 | ||
| 942 |
_hU481, N9/TD _cGB _2CC |
||
| 999 |
_c678888 _d678888 |
||